000 01134nam0a22002891 4500
001 rc\4110795
005 20221105164552.0
035 _a(NLR Aleph) 007903123
090 _a8050460
_c8050460
100 _a20130415d1950 |||y0rusy50 ca
101 0 _arus
102 _aRU
105 _aa z |||||
200 1 _aСборник арифметических задач и упражнений
_eДля 2 класса нач. школы
205 _a6-е изд.
210 _aМосква
_cУчпедгиз
_d1950
215 _a128 с.
_cил.
_d21
300 _aПеред загл. авт.: Н.Н. Никитин, Г.Б. Поляк, Л.Н. Володина
700 1 _aНикитин
_bН. Н.
_cматематик-педагог
_f1885-1966
_gНиколай Никифорович
_3RU\NLR\AUTH\770210779
701 1 _aПоляк
_bГ. Б.
_f1894-
_gГригорий Борисович
_3RU\NLR\AUTH\770223471
701 1 _aВолодина
_bЛ. Н.
_gЛюдмила Николаевна
801 0 _aRU
_bNLR
_gpsbo
801 1 _aRU
_bELAR
_2rusmarc
852 _aNLR
_jМт10 Г-3/258
942 _cBOOK
980 _aNB